000 00599nam a2200205 a 4500
003 PILC
005 20160215065755.0
008 100806s19uu xx 00 eng d
020 _a9780415473347
050 _aBF 637.P36
_b.On58 2010
245 _a101 coaching strategies and techniques /
_c edited by Gladeana McMahon and Anne Archer.
260 _aLondon :
_bRoutledge,
_c2010.
300 _a302 pages ;
_c24 cm.
650 _aPersonal coaching.
650 _aExecutive coaching.
650 _aCounselling
_xPractice.
700 _aArcher, Anne.
942 _cBK
_2lcc
_kFOR
999 _c23997
_d23997